| 000 | 00357cam a2200157ua 4500 | ||
|---|---|---|---|
| 041 |
_aeng _h |
||
| 082 |
_a910 _bHER/MO |
||
| 100 | _aHerdman, T . | ||
| 245 |
_aModern Geographies / _cT.Herdman. _hTextual Documents |
||
| 260 |
_a : _bLongman , _c1957. |
||
| 300 | _a675 ; . | ||
| 504 | _a | ||
| 700 | 1 | _aHurworth, A . | |
| 942 | _cBK | ||
| 999 |
_c778 _d778 |
||